MS/Thesis: Quantum Chemical Studies for the Mechanism of Phosphate Monoester Hydrolysis (Record no. 24838)
[ view plain ]
| 000 -LEADER | |
|---|---|
| fixed length control field | 00503nam a22001697a 4500 |
| 003 - CONTROL NUMBER IDENTIFIER | |
| control field | NUST |
| 038 ## - RECORD CONTENT LICENSOR | |
| Staff Name | Nusrat Nadeem |
| 040 ## - CATALOGING SOURCE | |
| Transcribing agency | RCMS |
| 082 ## - DEWEY DECIMAL CLASSIFICATION NUMBER | |
| Classification number | 004.12 |
| 100 ## - MAIN ENTRY--PERSONAL NAME | |
| Personal name | Ali Hassan Hammad |
| 9 (RLIN) | 23557 |
| 245 ## - TITLE STATEMENT | |
| Title | MS/Thesis: Quantum Chemical Studies for the Mechanism of Phosphate Monoester Hydrolysis |
| Statement of responsibility, etc. | Hammad Ali Hassan |
| 260 ## - PUBLICATION, DISTRIBUTION, ETC. | |
| Place of publication, distribution, etc. | Islamabad |
| Name of publisher, distributor, etc. | NUST RCMS |
| Date of publication, distribution, etc. | c2016 |
| 300 ## - PHYSICAL DESCRIPTION | |
| Extent | 58,p |
| Other physical details | ill: |
| Dimensions | 25,cm. |
| 538 ## - SYSTEM DETAILS NOTE | |
| Display text | Shelf No 7 Row No 3 |
| 700 ## - ADDED ENTRY--PERSONAL NAME | |
| Relator code | Dr. Farooq Ahmad Kiani(Supervisor) |
| 942 ## - ADDED ENTRY ELEMENTS (KOHA) | |
| Source of classification or shelving scheme | |
| Koha item type | Thesis |
| Withdrawn status | Lost status | Source of classification or shelving scheme | Damaged status | Not for loan | Permanent Location | Current Location | Shelving location | Date acquired | Total Checkouts | Full call number | Barcode | Date last seen | Price effective from | Koha item type |
|---|---|---|---|---|---|---|---|---|---|---|---|---|---|---|
| Central Library (CL) | Central Library (CL) | Thesis | 03/09/2020 | 004 | CL-T-5402 | 03/09/2020 | 03/09/2020 | Thesis | ||||||
| School of Interdisciplinary Engineering and Sciences (SINES) | School of Interdisciplinary Engineering and Sciences (SINES) | Thesis | 08/08/2016 | 004.12 | RCMS003028 MS | 08/08/2016 | 01/05/2017 | Thesis |
